000
00308 a2200109 4500
001
ART_39587
005
20260410162000.0
008
260409a
245
1
0
_a
Posmodernidad y ciencias sociales
100
1
_a
Elbaum, Jorge N.
773
0
_t
Propuestas
_g
- Año 1, Nº 1 (jun. 1995)
_w
REV28258
999
_c
31209
_d
31209